000
00310nam a22001337a 4500
008
170925b xxu||||| |||| 00| 0 eng d
020
_a
9780321077196
041
_a
eng
080
_2
3RD
_a
37
100
_a
46
101
_a
EDU
245
_a
TEACHING TEN TO FOURTEEN YEAR OLDS
_c
STEVENSON,CH
942
_2
udc
_c
BK
999
_c
29651
_d
29651